Statistics for Interstates by Start and End Point

Click here to take the quiz!

General Stats

  • This quiz has been taken 13 times
  • The average score is 6 of 10

Answer Stats

HintAnswer% Correct
Santa Monica, CA - Jacksonville, FL10
100%
Nogales, AZ - Tucson, AZ19
77%
Lubbock, TX - Amarillo, TX27
77%
Mobile, AL - Gary, IN65
54%
The Bronx, NY - Champlain, NY87
54%
Macon, GA - Savannah, GA16
46%
Hannibal, MO - Champaign, IL72
38%
Norton Shores, MI - Detroit MI96
38%
Parole, MD - Brooklyn Park, MD97
38%
Aledo, TX - North Little Rock, AR20
31%

Score Distribution

Percentile by Number Answered

Percent of People with Each Score

Your Score History

You have not taken this quiz